| 000 | 01042nam a2200265Ia 4500 | ||
|---|---|---|---|
| 003 | OSt | ||
| 005 | 20221005104534.0 | ||
| 006 | a|||||r|||| 00| 0 | ||
| 007 | ta | ||
| 008 | 221004b |||||||| |||| 00| 0 hin d | ||
| 024 | _a31932 | ||
| 037 | _cTextual | ||
| 040 |
_aCRL _cCRL _bhin |
||
| 041 |
_2hin _ahin |
||
| 082 | _aO1518,1GAB,1, 152N2 | ||
| 100 | _aद्विवेदी, हजारीप्रसाद | ||
| 245 | 0 |
_aसंदेश रासक _b अब्दुल रहमान कृत |
|
| 246 | _aSandesh rāsaka: abdul rahamān kṛuta | ||
| 260 |
_aदिल्ली _bराजकमल प्रकाशन भारत _c1992 |
||
| 300 |
_a236पृ. _ccm. |
||
| 650 | _aसंस्कृत साहित्य | ||
| 700 | _a त्रिपाठी, विश्वनाथ | ||
| 942 |
_hO1518,1GAB,1, 152N2 _cTEXL _2cc |
||
| 999 |
_c1013029 _d1013029 |
||